Možnosti zlepšovania technológie pestovania slnečnice

Bibliographic Details
Main Author: Karaba, Stanislav (Author)
Format: Article
Language:Slovak
PhysicalDescription:Tab.
ISSN:1335-2466
Subjects:

MARC

LEADER 00000nab a2200000 a 4500
001 vtls000762135
003 SK-MaSNL
005 20260304121342.0
008 250429c2001 xo 0 slo
015 |a SNBRB2001/06-20040 
035 |a CLN000113922 
035 |a urn:nbn:sk:snk-ablz6 
035 |a (urnnbn)urn:nbn:sk:snk:ar-a04eef 
035 |a (uuid)17aa9ce3-ca16-4853-8d5d-60b610a0a7be 
040 |a SNKBUCL  |b slo  |c SNKBUCL  |e AACR2 
041 0 |a slo 
044 |a xo  |c SK 
080 |a 633.854.78  |2 1997 
100 1 |a Karaba, Stanislav  |4 aut  |9 20864 
245 1 0 |a Možnosti zlepšovania technológie pestovania slnečnice  |c Stanislav Karaba 
300 |b Tab. 
650 0 7 |a slnečnice  |2 snkbucl  |9 27506 
655 7 |a články z novín a časopisov  |2 snkbucl  |9 267496 
773 0 |t Naše pole  |g Roč. 5, č. 4 (2001), s. 10  |x 1335-2466 
850 |a Slovenská národná knižnica 
852 |a Slovenská národná knižnica 
954 |a odborná, vedecká literatúra pôvodná (slovenská)  |2 lita 
958 |a article27 
958 |a OND 
958 |a EUIPO 
992 |a RBX 
999 |c 2884654  |d 2886584